1604 1727 1506 1259 1402 1359 1769 1869 1836 1296 1732 1441 1138 1341 1015 1864 1918 1207 1959 1237 1467 1481 1495 1362 1459 1913 1458 1688 1709 1773 1944 1343 1226 1285 1017 1546 1119 1721 1376 1945 1741 1025 1211 1796 1741 1644 1203 1546 1538 1615 1353 1040 1186 1087 1844 1397 1890 1784 1135 1020 1147 1562 1652 1781 1940 1745 1556 1766 1546 1305 1887 1974 1125 1878 1337 1137 1563 1835 1808 1404 1011 1040 1934 1309 1660 1869 1316 1322 1599 1702 1098 1420 1539 1875 1871 1094 1427 1449 1941 BCNSPRNW ULIB Ver.6.0+V

เปลี่ยนเป็นภาษาไทย

Change to English
 แสดงรายละเอียดบรรณานุกรม
  กลับหน้าหลัก

Brief Record : Get Marc (ISO 2709) : E-mail record : QR code < ปิดหน้าต่าง
LEADER : 00000nam 2200000uu 4500
001    13399125333
003     ULIB
008    170426s2558||||th 000 0 tha d
024 0  ^a9786165519489
041    ^atha
060  0 ^aWS200^bศ486P
100 0  ^aศิริวรรณ วนานุกูล, บรรณาธิการ
245 00 ^aPediatric practice: a challenge in management/^cศิริวรรณ วนานุกูล...[และคนอื่นๆ], บรรณาธิการ
250    ^aพิมพ์ครั้งที่ 1
260    ^aกรุงเทพฯ :^bภาควิชากุมารเวชศาสตร์ คณะแพทยศาสตร์ จุฬาลงกรณ์มหาวิทยาลัย,^c2558
300    ^a352 หน้า
650  0 ^aกุมารเวชศาสตร์
700 0  ^aวรนุช จงศรีสวัสดิ์, บรรณาธิการ
700 0  ^aอังคนีย์ ชะนะกุล, บรรณาธิการ
700 0  ^aสุชีรา ฉัตรเพริดพราย, บรรณาธิการ
945    ^p0^l0^i002026
945    ^p0^l0^i002027
999    ^aวรรณษา ชูชัยมงคล
รายการนี้ยังไม่มีแท็ก
คุณยังไม่ได้ล็อกอิน คุณสามารถมีกิจกรรมร่วมกับเว็บไซต์ได้ แต่ต้องล็อกอินก่อน ::
  ล็อกอิน

รายการสื่อสารสนเทศ

ลำดับที่ ประเภท เลขเรียก/บาร์โค้ด สถานที่ สถานะ
1. วิทยาศาสตร์การแพทย์ และสุขภาพ
วิทยาศาสตร์การแพทย์ และสุขภาพ
สถานะ=หนังสือเก่า
WS200 ศ486P ฉ.1 
  Barcode: 002026
ห้องสมุดวิทยาเขตสวรรค์ประชารักษ์
►ส่วนจัดเก็บหนังสือเก่า สปร
บนชั้น
  ขอยืม
2. วิทยาศาสตร์การแพทย์ และสุขภาพ
วิทยาศาสตร์การแพทย์ และสุขภาพ
สถานะ=หนังสือเก่า
WS200 ศ486P ฉ.2 
  Barcode: 002027
ห้องสมุดวิทยาเขตสวรรค์ประชารักษ์
►ส่วนจัดเก็บหนังสือเก่า สปร
บนชั้น
  ขอยืม

รายการใกล้เคียง
    ผู้แต่ง [ศิริวรรณ วนานุกูล, บรรณาธิการ]

    หัวเรื่อง [กุมารเวชศาสตร์]

BibComment


ยังไม่เคยถูกคอมเมนท์

คอมเมนท์ทรัพยากรรายการนี้
  คอมเมนท์: Pediatric practi..


 Copyright 2026. Bcnsprnw @Library